Yara Falı (Record no. 283)

000 -LEADER
fixed length control field 00484nam a22001817a 4500
008 - FIXED-LENGTH DATA ELEMENTS--GENERAL INFORMATION
fixed length control field 170616b xxu||||| |||| 00| p tur d
020 ## - INTERNATIONAL STANDARD BOOK NUMBER
International Standard Book Number 9753043325
041 ## - LANGUAGE CODE
Language code of text/sound track or separate title Türkçe
050 ## - LIBRARY OF CONGRESS CALL NUMBER
Classification number PL248.U978
100 ## - MAIN ENTRY--PERSONAL NAME
Personal name Uzunbay, Zeynep
9 (RLIN) 317
245 ## - TITLE STATEMENT
Title Yara Falı
Statement of responsibility, etc. Zeynep Uzunbay
250 ## - EDITION STATEMENT
Edition statement 1. baskı
260 ## - PUBLICATION, DISTRIBUTION, ETC.
Place of publication, distribution, etc. İstanbul
Name of publisher, distributor, etc. Dünya Yayıncılık
Date of publication, distribution, etc. Haziran 2006
300 ## - PHYSICAL DESCRIPTION
Extent 115 sayfa
500 ## - GENERAL NOTE
General note Dünya Kitapları: 422; Şiir: 16
650 #0 - SUBJECT ADDED ENTRY--TOPICAL TERM
9 (RLIN) 145
Topical term or geographic name entry element Türk Edebiyatı
942 ## - ADDED ENTRY ELEMENTS (KOHA)
Source of classification or shelving scheme
Koha item type Books
Holdings
Withdrawn status Lost status Source of classification or shelving scheme Damaged status Not for loan Permanent Location Current Location Shelving location Date acquired Full call number Barcode Date last seen Price effective from Koha item type
        Ödünç verilemez İmren Ahmet Tüzün Kütüphanesi İmren Ahmet Tüzün Kütüphanesi Ahmet Tüzün 2017-06-16 PL248.U978 100100000278 2017-06-16 2017-06-16 Books

This software was implemented, installed and managed by Devinim Software Training Consulting .